000
00281nam a22000977a 4500
008
140102b xxu||||| |||| 00| 0 eng d
020
_a
8120320719
_c
Available
082
_2
Third Ed
_a
003.83BAN
_b
000228
245
_a
Discrete-Event Simulation
_c
Bank Jerry
260
_a
USA
_b
Prentice-Hall
_c
2001
999
_c
23725
_d
23725